00623nam a2200217 a 4500001001300000003000900013005001700022008004100039020001000080082001500090100001700105245004600122260004400168300000900212500003500221505003700256650003300293650002700326650003500353700001700388nice12345678IN_TiNIC20260116013208.0050524s2001 newa grp 000 0 eng  ac59500a297.4bDIG aDigby, Simon aSufis and Soldiers in Awrangzeb`s Deccan. aNew DlhibOxford University Pressc2001 a275p aincludes index and biblioraphy2 aIndex of personal name and book. aSufism-Naqshbandia-Malfoozat aMughal India-Aurangzeb aSufism-Hagiography-Naqshbandia1 aDigby, Simon